00423nam a2200121Ia 4500008004100000245008400041245001500125260000900140650001200149856004800161999001900209952007300228171211s9999 xx 000 0 und d aReported Incidences of Parasitic Infections in Marine Mammals from 1892 to 1978 cJohn Felix c2014 xANIMALS uhttp://down.ebook777.com/054/1609620429.pdf c348457d348457 001040aCLbCLd2017-12-11l0r2017-12-11 00:00:00w2017-12-11yCBE